000 00723nam a2200205Ia 4500
003 GCL
008 140319s9999 xx 000 0 ara d
040 _aGCL /
_cGCL
082 0 4 _a823
_bا ن
100 1 _aمحمد توفيق مصطفى (مترجم)
245 1 0 _aنزهة (هدية من الأديب عبدالفتاح الجمل) /
_cمحمد توفيق مصطفى (مترجم)
700 1 _aاورويل، جورج
300 _a280 ص
490 _aروايات عالمية
_v0
650 0 4 _aالقصة الانجليزية المترجمة
650 0 4 _aالادب الانجليزى
650 0 4 _aالادب الانجليزى المترجم
650 0 4 _aالقصة الانجليزية
942 _2ddc
_cBK
999 _c40227
_d40227